000 01489cam a2200253 i 4500
003 OSt
005 20260419140101.0
008 260412s2025 ua ak g b 000 0 ara c
020 _a9789778995237
040 _aSA-JeALM
_bara
_cSA-RiAUC
_erda
050 4 _b.M84 2025
082 0 4 _a253.901
_qSA-RiAUC
090 _aم ن 253.901
_bخ ط ي
100 1 _aالخطيب، احمد بن عبداللطيف بن عبدالله المنكابو الجاوي
_eمؤلف.
245 1 2 _aهذ الرسالة المسماة بالداعي المسموع في الرد على من يورث الإخوة وأولاد الأخوات مع وجود الأصول والفروع /
_bبالهامش القول المبرم في أن منع الأصول والفروع من إرثهم محرم تأليف العلامة أبو بكر بن السيد محمد شطا
_cتأليف الشيخ أحمد الخطيب ابن الشيخ عبداللطيف الخطيب ابن الشيخ عبدالله المنكابو الجاوي
264 1 _aالقاهرة ؛
_bالمطبعة الميمنية،
_bاحمد البابي الحلبي.
_c[بين 1891 و1892 = 1309 هـ]
300 _a24 صفحة :
_c26 سم.
336 _aنص
_btxt
_2rdacontent
_3كتاب
337 _aبدون وسيط
_bn
_2rdamedia
650 7 _aالمواريث (فقه إسلامي)
_2aucsh
650 7 _aالتركات (فقه إسلامي)
_2aucsh
942 _2ddc
_cRBOOK COPY
_n0
949 _aSA-JeALM
_d260412
_uosman123
_n1
999 _c14769
_d14769